Animaux - lettre G - Statistiques

Statistiques générales
  • Ce quiz a été pris 113 fois
  • Le résultat moyen est 12 sur 20
Statistiques - réponses
Par images Réponse % Correct
Gorille
100%
Guépard
98%
Girafe
97%
Grenouille
94%
Gazelle
92%
Gnou
87%
Goéland
84%
Grizzly
78%
Gerbille
59%
Gecko
57%
Gibbon
56%
Geai
50%
Grillon
39%
Glouton
33%
Gavial
32%
Gypaète
28%
Guppy
24%
Gorfou
23%
Genette
18%
Gris du Gabon
18%
Aucun quiz correspondant
Distribution des résultats
% des personnes avec chaque résultat
Percentile par nombre de réponses
Votre historique - résultats
Vous n’avez pas pris ce quiz